| 000 | 01379nam a22004217a 4500 | ||
|---|---|---|---|
| 003 | OSt | ||
| 005 | 20230823112924.0 | ||
| 008 | 221006b |||||||| |||| 00| 0 eng d | ||
| 040 | _cBiblioteca Lado V | ||
| 082 |
_a708 _bO77m |
||
| 100 |
_9960 _aOrtiz Serrano, Gustavo _edirector |
||
| 245 |
_aMuseo de Arte Contemporáneo de Bogotá/ _bChanoir | El Colgado/ |
||
| 260 |
_c2015 _bUNIMINUTO _aBogota _aColombia |
||
| 300 |
_c21.5x28cm _a24p. |
||
| 490 |
_a1 _v1 _x2422-1856 |
||
| 505 | _tEl Colgado | ||
| 505 | _tColgar y Rayar Gustavo A. Ortiz I ra. parte | ||
| 505 | _tChayogi | ||
| 505 | _tCha Pueblo | ||
| 505 | _tColgar y Rayar Gustavo A. Ortiz 2 da. parte | ||
| 505 | _tCharallos de luz | ||
| 505 | _tCaras | ||
| 505 | _tTexto, Juan David Quintero A. | ||
| 505 | _tLa banda de los Chafilles | ||
| 505 | _tBande de Cha Rock | ||
| 505 | _tColeccion Mascaras | ||
| 505 | _tPeluches | ||
| 505 | _tTaller Performance | ||
| 505 | _tTaller de Grafiti | ||
| 505 | _tGrafiti: Muro del MAC | ||
| 505 | _tPeluches - Popples | ||
| 505 | _tMuñecos de acción Musclor | ||
| 650 |
_2Tesauro de Arte & Arquitectura _aARTE |
||
| 650 |
_2Tesauro de Arte & Arquitectura _aFIGURAS _9702 |
||
| 650 |
_2Tesauro de Arte & Arquitectura _aREPRESENTACIÓN |
||
| 651 |
_2Tesauro de Arte & Arquitectura _aSOCIEDAD |
||
| 942 |
_2ddc _c1 _h708 _iO77m _n0 |
||
| 999 |
_c4185 _d4185 |
||